| Tag |
First Indicator |
Second Indicator |
Subfields |
| LEADER |
00000cam a22000001a 4500 |
| 001 |
in00003051652 |
| 005 |
20190402183542.0 |
| 006 |
m o d |
| 007 |
cr un mmmapmmp |
| 008 |
070626s1912 dcu o f000 0 eng d |
| 035 |
|
|
|a cis2004139666
|
| 040 |
|
|
|a UMI
|c UMI
|d UtOrBLW
|
| 043 |
|
|
|a n-us---
|
| 099 |
|
|
|a ProQuest Serial Set Number 6178 S.doc.846
|
| 110 |
1 |
|
|a United States.
|b Congress.
|b Senate.
|b Committee on Appropriations.
|
| 245 |
1 |
0 |
|a Flood waters of the Colorado River. Message from the President of the United States, transmitting a letter of the Secretary of the Interior submitting an appeal of the Board of Supervisors of Imperial County, Cal., for further appropriations of money and further works for the protection of lands and property in the United States against the flood waters of the Colorado River.
|
| 246 |
1 |
|
|a Flood waters of Colorado River, Imperial Valley, California
|
| 264 |
|
1 |
|a Washington :
|b [publisher not identified],
|c 1912.
|
| 300 |
|
|
|a 1 online resource.
|
| 336 |
|
|
|a text
|b txt
|2 rdacontent
|
| 337 |
|
|
|a computer
|b c
|2 rdamedia
|
| 338 |
|
|
|a online resource
|b cr
|2 rdacarrier
|
| 490 |
0 |
|
|a S.doc.846
|
| 500 |
|
|
|a Record is based on bibliographic data in ProQuest U.S. Serial Set Digital Collection (last viewed June 2007). Reuse except for individual research requires license from ProQuest, LLC.
|
| 510 |
3 |
|
|a ProQuest U.S. Serial Set Digital Collection
|
| 500 |
|
|
|a Electronic resource.
|
| 650 |
|
0 |
|a Flood control.
|
| 650 |
|
0 |
|a Floods.
|
| 650 |
|
0 |
|a Water-supply.
|
| 655 |
|
7 |
|a Electronic books.
|2 local
|
| 710 |
2 |
|
|a ProQuest (Firm)
|
| 830 |
|
0 |
|a United States congressional serial set.
|
| 856 |
4 |
0 |
|u http://proxy.library.tamu.edu/login?url=http://congressional.proquest.com/congcomp/getdoc?SERIAL-SET-ID=6178+S.doc.846
|z Connect to the full text of this electronic book
|t 0
|
| 999 |
|
|
|a MARS
|
| 999 |
f |
f |
|s 2d3bd4c4-a2d3-3e94-9a35-46573f9c6cfb
|i 8f423df6-e59f-3d53-9d54-93c8c07805e7
|t 0
|
| 952 |
f |
f |
|a Texas A&M University
|b College Station
|c Electronic Resources
|d Available Online
|t 0
|e ProQuest Serial Set Number 6178 S.doc.846
|h Other scheme
|
| 998 |
f |
f |
|a ProQuest Serial Set Number 6178 S.doc.846
|t 0
|l Available Online
|